A revision of demand theory / (Record no. 44732)
[ view plain ]
| 000 -LEADER | |
|---|---|
| fixed length control field | 00659nam a2200229 a 4500 |
| 001 - CONTROL NUMBER | |
| control field | 44732 |
| 003 - CONTROL NUMBER IDENTIFIER | |
| rucl marc code | BD-RjUL |
| 005 - DATE AND TIME OF LATEST TRANSACTION | |
| control field | 20211209053916.0 |
| 008 - FIXED-LENGTH DATA ELEMENTS--GENERAL INFORMATION | |
| fixed length control field | 830301s1959 enk 001 0 eng d |
| 035 ## - SYSTEM CONTROL NUMBER | |
| System control number | (BD-RjUL)44850 |
| System control number | 676837 |
| 040 ## - CATALOGING SOURCE | |
| Original cataloging agency | VCAV |
| Language of cataloging | eng |
| Transcribing agency | VCAV |
| Modifying agency | XNTU |
| -- | BD-RjUL |
| 041 ## - LANGUAGE CODE | |
| Language code of text/sound track or separate title | eng |
| 082 04 - DEWEY DECIMAL CLASSIFICATION NUMBER | |
| Edition number | 19 |
| Classification number | 338.5212 |
| Author mark and year | HIR 1959 |
| 100 1# - MAIN ENTRY--PERSONAL NAME | |
| Personal name | Hicks, John, |
| Dates associated with a name | 1904- |
| 9 (RLIN) | 137152 |
| 245 12 - TITLE STATEMENT | |
| Title | A revision of demand theory / |
| Statement of responsibility, etc. | by J.R. Hicks. |
| 260 ## - PUBLICATION, DISTRIBUTION, ETC. (IMPRINT) | |
| Place of publication, distribution, etc. | Oxford : |
| Name of publisher, distributor, etc. | Clarendon Press, |
| Date of publication, distribution, etc. | 1959. |
| 300 ## - PHYSICAL DESCRIPTION | |
| Pagination | 196 p. ; |
| Size | 19cm. |
| 500 ## - GENERAL NOTE | |
| General note | Includes bibliographical references and index. |
| 650 #0 - SUBJECT ADDED ENTRY--TOPICAL TERM | |
| Topical term or geographic name as entry element | Demand (Economic theory) |
| 9 (RLIN) | 131547 |
| 942 ## - ADDED ENTRY ELEMENTS (KOHA) | |
| Source of classification or shelving scheme | Dewey Decimal Classification |
| Koha item type | Books |
| Lost status | Source of classification or shelving scheme | Damaged status | Not for loan | Collection code | Permanent Location | Current Location | Shelving location | Date acquired | Source of acquisition | Cost, normal purchase price | Total Checkouts | Full call number | Date last seen | Copy number | Koha item type |
|---|---|---|---|---|---|---|---|---|---|---|---|---|---|---|---|
| Dewey Decimal Classification | Non-fiction | Central Library, University of Rajshahi | Central Library, University of Rajshahi | 14/03/1963 | Zeitlinger | 21.00 | 338.5212 HIR 1959 | 20/07/2016 | C-2 | Books | |||||
| Dewey Decimal Classification | Non-fiction | Central Library, University of Rajshahi | Central Library, University of Rajshahi | 14/03/1963 | zeitlinger | 21.00 | 338.5212 HIR 1959 | 25/07/2016 | C-3 | Books | |||||
| Dewey Decimal Classification | Non-fiction | Central Library, University of Rajshahi | Central Library, University of Rajshahi | 08/11/1965 | zeitlinger | 21.00 | 338.5212 HIR 1959 | 25/07/2016 | C-4 | Books | |||||
| Dewey Decimal Classification | Non-fiction | Central Library, University of Rajshahi | Central Library, University of Rajshahi | 08/11/1965 | zeitlinger | 21.00 | 338.5212 HIR 1959 | 25/07/2016 | C-5 | Books | |||||
| Dewey Decimal Classification | Non-fiction | Central Library, University of Rajshahi | Central Library, University of Rajshahi | 08/11/1965 | zeitlinger | 21.00 | 338.5212 HIR 1959 | 25/07/2016 | C-6 | Books | |||||
| Dewey Decimal Classification | Non-fiction | Central Library, University of Rajshahi | Central Library, University of Rajshahi | 18/11/1957 | Oxford university press | 14.10 | 338.5212 HIR 1956 | 25/07/2016 | C-7 | Books |